Bilecik Bilecik Bilecik Bilecik Bilecik

Pratik iç hastalıkları : (Record no. 40131)

MARC details
000 -BAŞLIK
Sabit Uzunluktaki Kontrol Alanı 01013nam a22003137a 4500
001 - KONTROL NUMARASI
Control Dosyası 0040254
003 - KONTROL NUMARASI KİMLİĞİ
Kontrol Alanı KOHA_MİRAKIL
005 - EN SON İŞLEM TARİHİ ve ZAMANI
Kontrol Alanı 20260207003156.0
007 - FİZİKSEL TANIM SABİT ALAN - GENEL BİLGİ
Sabit uzunluklu kontrol alanı ta
008 - SABİT UZUNLUKTAKİ VERİ ÖGELERİ - GENEL BİLGİ
Sabit Alan 130509b1988 tu |||gr||||#||||0|tur |
040 ## - KATALOGLAMA KAYNAĞI
Özgün Kataloglama Kurumu TR-BiSEU
Kataloglama Dili tur
Çeviri Kurumu TR-BiSEU
Açıklama Kuralları rda
041 0# - DİL KODU
Metin ya da ses kaydının dil kodu tur
044 ## - YAYINLAYAN/ÜRETEN KURULUŞUN ÜLKE KODU
ISO country code tu
050 ## - SINIFLAMA ve YER NUMARASI
Sınıflama Numarası RC58
Yer Numarası .C35 1988
100 1# - KİŞİ ADI
Yazar Adı (Kişi adı) Çalangu, Semra.
245 1# - ESER ADI BİLDİRİMİ
Başlık Pratik iç hastalıkları :
Alt Eseradı vb. sorular, cevaplar, açıklamalar/
Sorumluluk Bildirimi Semra Çalangu ; Semra Çalangu, Atilla Ökten.
264 #1 - ÜRERİM, YAYIN, DAĞITIM ve TELİF BİLDİRİMİ
Yayın yeri İstanbul :
Yayınlayan Nobel Tıp Kitabevi
Yayın tarihi 1988
300 ## - FİZİKSEL TANIMLAMA
Sayfa, Cilt vb. 450 sayfa
336 ## - İÇERİK TÜRÜ
Content type term metin
Content type code txt
Source rdacontent
337 ## - MEDYA TÜRÜ
Media type term aracısız
Media type code n
Source rdamedia
338 ## - TAŞIYICI TÜRÜ
Carrier type term cilt
Carrier type code nc
Source rdacarrier
490 1# - DİZİ BİLDİRİMİ
Dizi Bildirimi Rekabet Kurumu ;
Cilt Numarası yayın no 0259.
490 1# - DİZİ BİLDİRİMİ
Dizi Bildirimi Uzmanlık tezleri serisi ;
Cilt Numarası no:108
500 ## - GENEL NOT
Genel Not Kaynakça var.
650 #0 - KONU BAŞLIĞI EK GİRİŞ - KONU TERİMİ
Konusal terim veya coğrafi ad İç hastalıkları--Sınav soruları.
9 (RLIN) 74673
830 1# - SERİ EK GİRİŞİ - TEKBİÇİM ESER ADI
Tekbiçim Başlık Rekabet Kurumu ;
Volume number/sequential designation yayın no 0259.
9 (RLIN) 6192
830 1# - SERİ EK GİRİŞİ - TEKBİÇİM ESER ADI
Tekbiçim Başlık Uzmanlık tezleri serisi ;
Volume number/sequential designation no:108
9 (RLIN) 6193
942 ## - EK GİRİŞ ÖGELERİ (KOHA)
Source of classification or shelving scheme Library of Congress Classification
Koha item type Book
Holdings
Materyal Türü Kalıcı Konum Mevcut Konum Raf Yeri Sınıflandırma Kaynağı Edinim Bilgisi Ana Konular Alt Konular Yer Numarası Demirbaş Numarası Fatura Tarihi Geri Çekilme Durumu Kayıp Durumu Hasarlı Durumu Kredi için değil Kayıt Tarih Toplam Ödünçverme Son Görülme Tarihi Son Kontrol Tarihi Genel / Bağış Notu
Book Prof. Dr. Azmi Özcan Kütüphanesi Prof. Dr. Azmi Özcan Kütüphanesi Birûni Salonu Library of Congress Classification Bağış TIP Dahiliye RC58 .C35 1988 0040254 02/02/2026         09/05/2013 2 05/12/2024 05/12/2024 Genel Bağış